000 00475cam a2200145 4500500
005 20260201090521.0
041 _afre
042 _adc
100 1 0 _aDethurens, Pascal
_eauthor
245 0 0 _a« L’Europe, introuvable ? »
260 _c2020.
500 _a23
786 0 _nRevue Droit & Littérature | 4 | 1 | 2020-07-24 | p. 227-234 | 2552-8831
856 4 1 _uhttps://droit.cairn.info/revue-droit-et-litterature-2020-1-page-227?lang=fr&redirect-ssocas=7080
999 _c1640543
_d1640543